| 000 | 01110cam a22002891 4500 | ||
|---|---|---|---|
| 001 | 9810801 | ||
| 005 | 20240818092928.0 | ||
| 008 | 730207s1956 ne a b 000 0 eng c | ||
| 010 | _aa 57008603 | ||
| 035 | _a(OCoLC)555095 | ||
| 040 |
_aTemple Univ. Library _cODaWU _dOCoLC _dCLO _dNjWP _dDLC |
||
| 041 | 1 | _aengund | |
| 042 | _apremarc | ||
| 050 | 0 | 0 |
_aQD151 _b.R443 |
| 082 |
_222 _a546 _bREM |
||
| 100 | 1 |
_aRemy, Heinrich, _d1890- _97967 |
|
| 245 | 1 | 0 |
_aTreatise on Inorganic Chemistry.Vol.1 Introduction and main groups of the periodic table/ _cby H. Remy; Translated by J. S. Anderson; Edited by J. Kleinberg. |
| 260 |
_aAmsterdam, _aNew York, _bElsevier Pub. Co., _c1956. |
||
| 300 | 8 |
_a856p. : _bill. ; _c26 cm. |
|
| 504 | _aIncludes bibliographical references and index | ||
| 505 | 0 | _av. 1. Introduction and main groups of the periodic table.--v. 2. Sub-groups of the periodic table and general topics. | |
| 650 | 0 |
_aChemistry, Inorganic. _97968 |
|
| 942 |
_2ddc _cBB _hRDA-MOD |
||
| 999 |
_c12330 _d12330 |
||
| 336 |
_2rdacontent _atext _btxt |
||
| 337 |
_aunmediated _2rdamedia _bn |
||
| 338 |
_avolume _bnc _2rdacarrier |
||